[Event "CYCC U12"]
[Site "Ottawa CAN"]
[Date "2007.07.05"]
[Round "5"]
[White "Marinkovic, Mate"]
[Black "Tan, Guang Tong"]
[Result "1/2-1/2"]
[WhiteElo "1907"]
[BlackElo "1632"]
[PlyCount "102"]
[GameId "2160767910659097"]
[EventDate "2007.07.03"]
[EventType "swiss"]
[EventRounds "7"]
[EventCountry "CAN"]
[SourceTitle "EXT 2022"]
[Source "ChessBase"]
[SourceDate "2021.10.06"]
[SourceVersion "1"]
[SourceVersionDate "2021.10.06"]
[SourceQuality "1"]

1. d4 Nf6 2. Nf3 d5 3. Bg5 Ne4 4. Bf4 Bg4 5. e3 Nd7 6. h3 Bf5 7. Nbd2 e6 8. Bd3 Ndf6 9. Ne5 Be7 10. Bxe4 Bxe4 11. Nxe4 Nxe4 12. Qe2 O-O 13. O-O-O f6 14. Nd3 Nd6 15. Nc5 Qc8 16. Qg4 f5 17. Qe2 b6 18. Nd3 c5 19. Kb1 c4 20. Ne5 a5 21. c3 b5 22. Kc2 b4 23. Rb1 Nb5 24. Kd2 a4 25. Qd1 a3 26. cxb4 axb2 27. Qc2 c3+ 28. Kd3 Na3 29. Qxc3 Qxc3+ 30. Kxc3 Nxb1+ 31. Rxb1 Rxa2 32. Kb3 Raa8 33. Rxb2 Bd6 34. Nd7 Rfd8 35. Bxd6 Rxd7 36. Bc5 Kf7 37. b5 Rb7 38. b6 Rab8 39. f4 h6 40. Kb4 Ke8 41. Kb5 Kd7 42. Ra2 g6 43. g3 h5 44. h4 Rc8 45. Ra3 Rcb8 46. Ra6 Rc8 47. Ra5 Rcb8 48. Ra1 Rc8 49. Ra3 Rcb8 50. Ra5 Rc8 51. Ra4 Rcb8 1/2-1/2

[Event "CYCC U12"]
[Site "Ottawa CAN"]
[Date "2007.07.05"]
[Round "5"]
[White "Michaelis, Nathaniel"]
[Black "Gustafson, Blake"]
[Result "1-0"]
[WhiteElo "1195"]
[BlackElo "1153"]
[PlyCount "95"]
[GameId "2160767910659098"]
[EventDate "2007.07.03"]
[EventType "swiss"]
[EventRounds "7"]
[EventCountry "CAN"]
[SourceTitle "EXT 2022"]
[Source "ChessBase"]
[SourceDate "2021.10.06"]
[SourceVersion "1"]
[SourceVersionDate "2021.10.06"]
[SourceQuality "1"]

1. e4 e5 2. Nf3 Nc6 3. Bb5 d6 4. d4 Bd7 5. dxe5 dxe5 6. Nc3 Nf6 7. O-O Qe7 8. Bxc6 Bxc6 9. Re1 Rd8 10. Bd2 Nh5 11. Re2 Qf6 12. Qf1 Bb4 13. Rd1 Bxc3 14. Bxc3 Bb5 15. Rxd8+ Qxd8 16. Nxe5 Bxe2 17. Qxe2 Nf6 18. h3 O-O 19. Ng4 Nxg4 20. Qxg4 f6 21. Qe6+ Rf7 22. Qg4 Qd7 23. Qe2 a6 24. e5 Re7 25. Qc4+ Kh8 26. exf6 Rf7 27. fxg7+ Rxg7 28. Bxg7+ Qxg7 29. Qc3 Qxc3 30. bxc3 Kg7 31. Kh2 Kf7 32. Kg3 Ke6 33. Kf3 Kd5 34. Ke3 Kc4 35. Kd2 a5 36. f4 b5 37. f5 c5 38. f6 b4 39. cxb4 axb4 40. f7 b3 41. cxb3+ Kb5 42. f8=Q Ka5 43. Qxc5+ Ka6 44. Kc3 h5 45. Qb4 h4 46. Kc4 Ka7 47. Kc5 Ka6 48. Qb6# 1-0

[Event "CYCC U12"]
[Site "Ottawa CAN"]
[Date "2007.07.05"]
[Round "5"]
[White "Qin, Zi Yi (Joey)"]
[Black "Leu, Richard"]
[Result "1-0"]
[WhiteElo "2089"]
[BlackElo "1824"]
[PlyCount "173"]
[GameId "2160767910659099"]
[EventDate "2007.07.03"]
[EventType "swiss"]
[EventRounds "7"]
[EventCountry "CAN"]

1. e4 c5 2. Nf3 e6 3. d4 cxd4 4. Nxd4 a6 5. c4 Nf6 6. Bd3 Qc7 7. O-O Nc6 8. Be3 d6 9. Nc3 Ne5 10. b3 Nxd3 11. Qxd3 Be7 12. f4 O-O 13. Rad1 Rd8 14. Nf3 Ng4 15. Bd4 Bd7 16. h3 Nf6 17. Qe3 Qb8 18. Bb6 Rc8 19. e5 Ne8 20. Ne4 Bc6 21. Nxd6 Nxd6 22. exd6 Bxd6 23. Ne5 Be8 24. c5 Bxe5 25. fxe5 Bc6 26. Qf4 Rf8 27. Rd6 Qe8 28. Qg5 h6 29. Qe3 Qe7 30. Qg3 Kh8 31. Qe3 Rae8 32. Rf6 Kh7 33. Qd3+ Kh8 34. Qe3 Kh7 35. Rf1 Kh8 36. Ba5 Qg5 37. Qxg5 hxg5 38. Bc3 Kg8 39. Kh2 Rc8 40. Bd4 Kh7 41. Kg3 Rce8 42. Kh2 Kg6 43. Re1 Rh8 44. Kg1 Rh4 45. Bf2 Rh5 46. Bg3 Rhh8 47. Bf2 Re7 48. Bd4 Rhe8 49. Rf1 Rf8 50. Re1 Bd5 51. Re2 f6 52. exf6 Ref7 53. fxg7 Rf1+ 54. Kh2 Rg8 55. Rd2 Rf5 56. Bb2 Kh7 57. Re2 Rc8 58. Bd4 Rf4 59. Be5 Rf5 60. Rd7 Kg8 61. Bd6 Rf7 62. Rxf7 Kxf7 63. Bf8 Re8 64. Re5 Kg8 65. Rxg5 e5 66. Rh5 Kf7 67. Rh8 Kf6 68. g8=Q Bxg8 69. Rxg8 Kf7 70. Rg3 Kxf8 71. Re3 Kf7 72. g4 Ke6 73. Kg3 Kd5 74. g5 Kd4 75. Re1 e4 76. h4 Kd3 77. h5 Kd2 78. Rh1 e3 79. h6 e2 80. h7 e1=Q+ 81. Rxe1 Kxe1 82. g6 Rh8 83. g7 Rxh7 84. g8=Q Rh1 85. Qe6+ Kf1 86. Qc4+ Kg1 87. Qc1# 1-0

[Event "CYCC U12"]
[Site "Ottawa CAN"]
[Date "2007.07.05"]
[Round "5"]
[White "Seguin, Ryan"]
[Black "Li, Ruokai (David)"]
[Result "0-1"]
[WhiteElo "1323"]
[BlackElo "958"]
[PlyCount "59"]
[GameId "2160767910659100"]
[EventDate "2007.07.03"]
[EventType "swiss"]
[EventRounds "7"]
[EventCountry "CAN"]

1. e4 e6 2. d4 d5 3. e5 c5 4. Nf3 cxd4 5. Nxd4 Nc6 6. Nf3 Qc7 7. Bb5 Bd7 8. Bxc6 bxc6 9. b3 Ne7 10. c4 Ng6 11. g3 Nxe5 12. Bf4 Nxf3+ 13. Qxf3 Bd6 14. Bxd6 Qxd6 15. Nd2 O-O 16. cxd5 cxd5 17. O-O Qb4 18. Qd1 Bb5 19. Re1 Rfc8 20. Rc1 h6 21. Rxc8+ Rxc8 22. Nf3 Qc3 23. h3 d4 24. Nxd4 Rd8 25. Qc2 Qxd4 26. Qc1 Qd5 27. Qc2 Bc6 28. Kf1 Qg2+ 29. Ke2 Bb5+ 30. Ke3 0-1

[Event "CYCC U12"]
[Site "Ottawa CAN"]
[Date "2007.07.05"]
[Round "5"]
[White "Tyagi, Karthikay"]
[Black "Farrant-Diaz, Nathan"]
[Result "1-0"]
[WhiteElo "1156"]
[BlackElo "1311"]
[PlyCount "109"]
[GameId "2160767910659101"]
[EventDate "2007.07.03"]
[EventType "swiss"]
[EventRounds "7"]
[EventCountry "CAN"]
[SourceTitle "EXT 2022"]
[Source "ChessBase"]
[SourceDate "2021.10.06"]
[SourceVersion "1"]
[SourceVersionDate "2021.10.06"]
[SourceQuality "1"]

1. d4 e6 2. Nf3 c5 3. c3 Nc6 4. e4 Nf6 5. Bg5 Be7 6. Bxf6 Bxf6 7. e5 Be7 8. Be2 Qb6 9. b3 O-O 10. O-O d6 11. Qd3 Rd8 12. Qe4 d5 13. Qd3 cxd4 14. cxd4 Bd7 15. a3 Rac8 16. b4 a6 17. Nc3 Rc7 18. Na4 Qa7 19. Nc5 Rdc8 20. Rfc1 b6 21. Nxa6 Rb7 22. b5 Na5 23. Rxc8+ Bxc8 24. Rc1 Bd7 25. a4 Nc4 26. Qb3 Na5 27. Qb2 h6 28. Rc3 Bd8 29. Qd2 Be7 30. Bd1 Nc4 31. Qe2 Qa8 32. Bc2 Bf8 33. Qd3 g6 34. Nh4 Be8 35. Bb3 Na5 36. Ba2 Bg7 37. g4 Qd8 38. Ng2 Bd7 39. Nb4 Qg5 40. h3 h5 41. f4 Qh6 42. g5 Qh8 43. Nc6 Bxc6 44. bxc6 Rc7 45. Qb5 h4 46. Qxb6 Qh5 47. Qxc7 Qd1+ 48. Kh2 Qxd4 49. Qxa5 Bxe5 50. fxe5 Qxe5+ 51. Kh1 Qxg5 52. c7 Qd2 53. c8=Q+ Kg7 54. Rc1 Qd4 55. Qac3 1-0

[Event "CYCC U12"]
[Site "Ottawa CAN"]
[Date "2007.07.05"]
[Round "5"]
[White "Venner, John"]
[Black "Lampi, Billy"]
[Result "1-0"]
[WhiteElo "784"]
[BlackElo "1181"]
[PlyCount "105"]
[GameId "2160767910659102"]
[EventDate "2007.07.03"]
[EventType "swiss"]
[EventRounds "7"]
[EventCountry "CAN"]
[SourceTitle "EXT 2022"]
[Source "ChessBase"]
[SourceDate "2021.10.06"]
[SourceVersion "1"]
[SourceVersionDate "2021.10.06"]
[SourceQuality "1"]

1. e4 e5 2. Nf3 d6 3. Nc3 f6 4. h3 Nc6 5. Bc4 g6 6. d3 f5 7. Ng5 d5 8. Bxd5 Nh6 9. exf5 gxf5 10. Qh5+ Ke7 11. Ne6 Qe8 12. Qxe8+ Kxe8 13. Nxc7+ Kd7 14. Nxa8 Nb4 15. Bb3 Bc5 16. O-O b6 17. Bxh6 Bb7 18. Ba4+ Ke7 19. Nc7 Rg8 20. g3 Rxg3+ 21. Kh2 Rg2+ 22. Kh1 Rg3+ 23. N7d5+ Bxd5+ 24. Nxd5+ Nxd5 25. fxg3 Ne3 26. Bxe3 Bxe3 27. Rfe1 f4 28. gxf4 exf4 29. d4 h5 30. Rxe3+ fxe3 31. Bb5 h4 32. Re1 Kf6 33. d5 Ke7 34. Rxe3+ Kd6 35. Re4 Kxd5 36. Rxh4 Kc5 37. Rh7 Kxb5 38. Rxa7 Kc6 39. b4 b5 40. Ra5 Kb6 41. Rxb5+ Kxb5 42. h4 Kxb4 43. h5 Kc3 44. h6 Kxc2 45. h7 Kb2 46. h8=Q+ Kxa2 47. Qb8 Ka3 48. Kg2 Ka4 49. Kf3 Ka5 50. Ke4 Ka4 51. Kd5 Ka5 52. Kc5 Ka4 53. Qb4# 1-0

[Event "CYCC U12"]
[Site "Ottawa CAN"]
[Date "2007.07.05"]
[Round "6"]
[White "Chartrand, Maxime"]
[Black "Marcotte, Neil"]
[Result "0-1"]
[WhiteElo "899"]
[BlackElo "1230"]
[PlyCount "86"]
[GameId "2160767910659103"]
[EventDate "2007.07.03"]
[EventType "swiss"]
[EventRounds "7"]
[EventCountry "CAN"]
[SourceTitle "EXT 2022"]
[Source "ChessBase"]
[SourceDate "2021.10.06"]
[SourceVersion "1"]
[SourceVersionDate "2021.10.06"]
[SourceQuality "1"]

1. e4 e5 2. Nf3 Nc6 3. Bc4 Nf6 4. Nc3 Bd6 5. d3 O-O 6. O-O Na5 7. Bb5 a6 8. Ba4 b5 9. Bb3 Nxb3 10. cxb3 Bb7 11. d4 Nxe4 12. Nxe4 Bxe4 13. dxe5 Bxf3 14. Qxf3 Bxe5 15. Bf4 Bxb2 16. Rab1 Ba3 17. Bc1 Bd6 18. Bf4 Qf6 19. g3 Rae8 20. Rfe1 Rxe1+ 21. Rxe1 Bb4 22. Re4 Qa1+ 23. Kg2 a5 24. a3 Qxa3 25. Bxc7 d6 26. Rd4 Bc5 27. Rh4 a4 28. b4 Qxf3+ 29. Kxf3 Ba7 30. Bxd6 Rd8 31. Re4 h6 32. Bc7 Rd3+ 33. Kf4 g5+ 34. Kf5 Rd5+ 35. Re5 Rxe5+ 36. Kxe5 a3 37. Bd6 a2 38. Bc5 a1=Q+ 39. Bd4 Qxd4+ 40. Kf5 Qd5+ 41. Kg4 Kh7 42. Kh5 Qf3+ 43. g4 Qh3# 0-1

[Event "CYCC U12"]
[Site "Ottawa CAN"]
[Date "2007.07.05"]
[Round "6"]
[White "Constantinescu, Vlad"]
[Black "Han, Yiming"]
[Result "1/2-1/2"]
[WhiteElo "1629"]
[BlackElo "1904"]
[PlyCount "124"]
[GameId "2160767910659104"]
[EventDate "2007.07.03"]
[EventType "swiss"]
[EventRounds "7"]
[EventCountry "CAN"]
[SourceTitle "EXT 2022"]
[Source "ChessBase"]
[SourceDate "2021.10.06"]
[SourceVersion "1"]
[SourceVersionDate "2021.10.06"]
[SourceQuality "1"]

1. e4 e5 2. Nf3 Nc6 3. Bc4 Nf6 4. Ng5 d5 5. exd5 Na5 6. Bb5+ c6 7. dxc6 bxc6 8. Be2 h6 9. Nf3 e4 10. Ne5 Bd6 11. d4 O-O 12. Nc3 Re8 13. Bf4 Rb8 14. Rb1 Bf5 15. O-O Nh7 16. Bg3 Ng5 17. a3 f6 18. Nc4 Nxc4 19. Bxc4+ Kh8 20. Ne2 Be6 21. Bxe6 Nxe6 22. c3 f5 23. f3 f4 24. Be1 e3 25. d5 cxd5 26. Qxd5 Bxa3 27. Qc4 Rxb2 28. Ra1 Bc5 29. Kh1 Qb6 30. Ra2 Qb5 31. Qxb5 Rxb5 32. c4 Rb1 33. g3 Bb4 34. gxf4 Rxe1 35. Kg2 Rxf1 36. Kxf1 Bc5 37. Ra5 Rc8 38. f5 Nd4 39. Nf4 Bb6 40. Re5 Nxf3 41. Re7 Nd2+ 42. Ke2 Nxc4 43. Ne6 Rg8 44. Nf4 Rd8 45. h4 a5 46. Nh5 Rd2+ 47. Ke1 Nb2 48. f6 Nd3+ 49. Kf1 e2+ 50. Rxe2 Rxe2 51. Kxe2 Ne5 52. fxg7+ Kg8 53. Kd2 a4 54. Kc3 a3 55. Kb3 Bc5 56. Nf4 Bd6 57. Nh5 Nd3 58. Nf6+ Kxg7 59. Ne8+ Kg6 60. Nxd6 Kh5 61. Nf7 Kxh4 62. Nxh6 a2 1/2-1/2

[Event "CYCC U12"]
[Site "Ottawa CAN"]
[Date "2007.07.05"]
[Round "6"]
[White "Farrant-Diaz, Nathan"]
[Black "Passador, Stephen"]
[Result "1-0"]
[WhiteElo "1311"]
[BlackElo "1239"]
[PlyCount "67"]
[GameId "2160767910659105"]
[EventDate "2007.07.03"]
[EventType "swiss"]
[EventRounds "7"]
[EventCountry "CAN"]
[SourceTitle "EXT 2022"]
[Source "ChessBase"]
[SourceDate "2021.10.06"]
[SourceVersion "1"]
[SourceVersionDate "2021.10.06"]
[SourceQuality "1"]

1. e4 e6 2. d4 d5 3. Nc3 Bb4 4. Nge2 dxe4 5. a3 Bxc3+ 6. Nxc3 Nc6 7. Bb5 Nf6 8. Bg5 a6 9. Bxc6+ bxc6 10. Nxe4 Bb7 11. Nc5 Rb8 12. O-O O-O 13. c3 Re8 14. Re1 h6 15. Bh4 g5 16. Bg3 Nd7 17. Nxb7 Rxb7 18. b4 f5 19. f4 g4 20. Qb3 Nf8 21. Re5 Re7 22. Bh4 Kf7 23. Rxf5+ Ke8 24. Bxe7 Kxe7 25. Re1 a5 26. Rxa5 Kd7 27. f5 Qh4 28. fxe6+ Ke7 29. Re2 Rb8 30. Rf5 Rd8 31. Rf7+ Kd6 32. e7 Re8 33. exf8=Q+ Rxf8 34. Qe6# 1-0

[Event "CYCC U12"]
[Site "Ottawa CAN"]
[Date "2007.07.05"]
[Round "6"]
[White "Florea, Alexandru"]
[Black "Nunez-Painchaud, Raphael"]
[Result "0-1"]
[WhiteElo "1781"]
[BlackElo "1468"]
[PlyCount "139"]
[GameId "2160767910659106"]
[EventDate "2007.07.03"]
[EventType "swiss"]
[EventRounds "7"]
[EventCountry "CAN"]
[SourceTitle "EXT 2022"]
[Source "ChessBase"]
[SourceDate "2021.10.06"]
[SourceVersion "1"]
[SourceVersionDate "2021.10.06"]
[SourceQuality "1"]

1. e4 c5 2. f4 Nc6 3. Nf3 g6 4. g3 Bg7 5. Bg2 d6 6. O-O Nf6 7. Nc3 Bd7 8. d3 O-O 9. h3 Rb8 10. a4 a6 11. Kh2 b5 12. axb5 axb5 13. e5 Ne8 14. exd6 exd6 15. Be3 b4 16. Na4 Ra8 17. Qc1 Ra5 18. c3 Ne7 19. Qc2 Nd5 20. Bd2 Qa8 21. Ng5 Bxa4 22. Bxd5 Qxd5 23. Qb1 Bc6 24. Rf2 Rxa1 25. Qxa1 bxc3 26. bxc3 h6 27. Nf3 Qxd3 28. Nh4 Nf6 29. Qa2 Bd5 30. Qb2 Ne4 31. Rg2 Bxc3 32. Bxc3 Nxc3 33. Rd2 Qe4 34. Ng2 Qb4 35. Qc1 Bxg2 36. Kxg2 Ne4 37. Rd3 Rb8 38. Qc2 Qb2 39. Qxb2 Rxb2+ 40. Kf3 f5 41. Ra3 Rf2+ 42. Ke3 Rg2 43. Ra8+ Kf7 44. Ra7+ Ke6 45. Rg7 Kd5 46. g4 Rg3+ 47. Ke2 fxg4 48. Rxg6 gxh3 49. Rxh6 Rg2+ 50. Ke3 Rg3+ 51. Ke2 Kd4 52. f5 d5 53. Rh4 Rg2+ 54. Kf3 Rf2+ 55. Kg4 Ke5 56. Rxh3 Rf4+ 57. Kh5 Rxf5+ 58. Kh6 Rf7 59. Rh5+ Kd4 60. Kg6 Rf6+ 61. Kg7 Rf2 62. Rh1 c4 63. Kg6 Rg2+ 64. Kf7 c3 65. Ke6 c2 66. Rf1 Kc3 67. Kxd5 Kb2 68. Kxe4 c1=Q 69. Rxc1 Kxc1 70. Kf3 0-1

[Event "CYCC U12"]
[Site "Ottawa CAN"]
[Date "2007.07.05"]
[Round "6"]
[White "Gladstone, Simon"]
[Black "Tyagi, Karthikay"]
[Result "1-0"]
[WhiteElo "1848"]
[BlackElo "1156"]
[PlyCount "47"]
[GameId "2160767910659107"]
[EventDate "2007.07.03"]
[EventType "swiss"]
[EventRounds "7"]
[EventCountry "CAN"]
[SourceTitle "EXT 2022"]
[Source "ChessBase"]
[SourceDate "2021.10.06"]
[SourceVersion "1"]
[SourceVersionDate "2021.10.06"]
[SourceQuality "1"]

1. e4 g6 2. d4 Bg7 3. Nf3 d6 4. Nc3 Nf6 5. Be2 O-O 6. Be3 Bg4 7. Qd2 Re8 8. O-O-O a5 9. h3 Bd7 10. e5 dxe5 11. dxe5 Nh5 12. g4 Qc8 13. gxh5 Bxh3 14. hxg6 hxg6 15. Bh6 c6 16. Bxg7 Kxg7 17. Ng5 Rh8 18. Bc4 f6 19. exf6+ exf6 20. Rxh3 b5 21. Ne6+ Kf7 22. Nd8+ Kg7 23. Rxh8 Kxh8 24. Qh6# 1-0

[Event "CYCC U12"]
[Site "Ottawa CAN"]
[Date "2007.07.05"]
[Round "6"]
[White "Godreau, Kieran"]
[Black "Lampi, Billy"]
[Result "1-0"]
[WhiteElo "1090"]
[BlackElo "1181"]
[PlyCount "53"]
[GameId "2160767910659108"]
[EventDate "2007.07.03"]
[EventType "swiss"]
[EventRounds "7"]
[EventCountry "CAN"]
[SourceTitle "EXT 2022"]
[Source "ChessBase"]
[SourceDate "2021.10.06"]
[SourceVersion "1"]
[SourceVersionDate "2021.10.06"]
[SourceQuality "1"]

1. e4 e5 2. d3 Bc5 3. Nh3 Qf6 4. Nc3 d6 5. Bg5 Qg6 6. Nd5 Bxh3 7. Nxc7+ Kd7 8. Nxa8 Qxg5 9. gxh3 Qf6 10. Qd2 Na6 11. O-O-O Bb4 12. c3 Ne7 13. cxb4 Rxa8 14. Bg2 Rc8+ 15. Kb1 Qe6 16. Qe3 Nxb4 17. b3 Rc2 18. Qxa7 Rxa2 19. Qxb7+ Ke8 20. Qxb4 Rxf2 21. Rhg1 Nc6 22. Qb6 Nd4 23. Rc1 Nxb3 24. Rc7 Nd2+ 25. Kc1 Qb3 26. Qc6+ Kd8 27. Qd7# 1-0

[Event "CYCC U12"]
[Site "Ottawa CAN"]
[Date "2007.07.05"]
[Round "6"]
[White "Gusev, Nikita"]
[Black "Cheng, Jack"]
[Result "1-0"]
[WhiteElo "2032"]
[BlackElo "1843"]
[PlyCount "91"]
[GameId "2160767910659109"]
[EventDate "2007.07.03"]
[EventType "swiss"]
[EventRounds "7"]
[EventCountry "CAN"]
[SourceTitle "EXT 2022"]
[Source "ChessBase"]
[SourceDate "2021.10.06"]
[SourceVersion "1"]
[SourceVersionDate "2021.10.06"]
[SourceQuality "1"]

1. e4 e5 2. Nf3 Nc6 3. Bb5 a6 4. Ba4 Nf6 5. d3 b5 6. Bb3 Bb7 7. Ng5 d5 8. exd5 Nd4 9. c4 h6 10. Nf3 Nxf3+ 11. Qxf3 Bd6 12. O-O O-O 13. Nc3 Qd7 14. Ne4 Nxe4 15. dxe4 Bc8 16. Qg3 Kh8 17. f4 bxc4 18. Bxc4 Qe7 19. f5 f6 20. Kh1 Bd7 21. Qd3 a5 22. Rf3 Rfb8 23. Rh3 Kh7 24. a4 Rb4 25. b3 Rbb8 26. Qg3 Be8 27. Be3 Rd8 28. Qf2 Rab8 29. g4 Qf8 30. Rg3 Be7 31. h4 Bd6 32. g5 Bh5 33. gxh6 gxh6 34. Rag1 Rd7 35. Qd2 Re7 36. Rg6 Bb4 37. Qc1 Bxg6 38. fxg6+ Kh8 39. Bxh6 Rg7 40. Bxg7+ Qxg7 41. h5 Bd6 42. h6 Qd7 43. Qf1 Kg8 44. Rg3 Rd8 45. Qxf6 Rf8 46. h7+ 1-0

[Event "CYCC U12"]
[Site "Ottawa CAN"]
[Date "2007.07.05"]
[Round "6"]
[White "Gustafson, Blake"]
[Black "Hughes, Ben"]
[Result "1-0"]
[WhiteElo "1153"]
[BlackElo "870"]
[PlyCount "63"]
[GameId "2160767910659110"]
[EventDate "2007.07.03"]
[EventType "swiss"]
[EventRounds "7"]
[EventCountry "CAN"]
[SourceTitle "EXT 2022"]
[Source "ChessBase"]
[SourceDate "2021.10.06"]
[SourceVersion "1"]
[SourceVersionDate "2021.10.06"]
[SourceQuality "1"]

1. d4 d5 2. Nf3 Nc6 3. Bf4 Bf5 4. Nbd2 Nf6 5. e3 Nb4 6. Bb5+ c6 7. Ba4 b5 8. Bb3 e6 9. c3 Na6 10. O-O c5 11. Bc2 cxd4 12. exd4 Ne4 13. Re1 Nxd2 14. Nxd2 Bxc2 15. Qxc2 Be7 16. Re3 O-O 17. Rh3 h6 18. Rg3 g5 19. Rh3 Kg7 20. Be3 Rh8 21. f4 g4 22. Rg3 h5 23. h3 h4 24. Rxg4+ Kf8 25. Rf1 Rg8 26. Rxg8+ Kxg8 27. f5 Bd6 28. fxe6 fxe6 29. Qg6+ Kh8 30. Rf7 Qg8 31. Qh6+ Qh7 32. Qxh7# 1-0

[Event "CYCC U12"]
[Site "Ottawa CAN"]
[Date "2007.07.05"]
[Round "6"]
[White "Itkin, David"]
[Black "Chan, Alex H"]
[Result "1-0"]
[WhiteElo "1482"]
[BlackElo "1675"]
[PlyCount "65"]
[GameId "2160767910659111"]
[EventDate "2007.07.03"]
[EventType "swiss"]
[EventRounds "7"]
[EventCountry "CAN"]
[SourceTitle "EXT 2022"]
[Source "ChessBase"]
[SourceDate "2021.10.06"]
[SourceVersion "1"]
[SourceVersionDate "2021.10.06"]
[SourceQuality "1"]

1. e4 e5 2. d4 exd4 3. Qxd4 Nc6 4. Qe3 d6 5. Nc3 Nf6 6. Bd2 g6 7. O-O-O Bg7 8. f4 Qe7 9. h3 Bd7 10. Nf3 a6 11. e5 dxe5 12. fxe5 Ng8 13. Nd5 Qd8 14. Kb1 Nge7 15. Nf6+ Kf8 16. Bd3 Bf5 17. Bxf5 Nxf5 18. Bb4+ Nxb4 19. Rxd8+ Rxd8 20. Qc5+ Ne7 21. Qxb4 Bh6 22. a4 b6 23. Ng4 Bg7 24. Qc4 Nd5 25. Kc1 f5 26. exf6 Bxf6 27. Rd1 Kg7 28. Nxf6 Nxf6 29. Qxc7+ Kh6 30. Rxd8 Rxd8 31. Qxd8 Kg7 32. Qe7+ Kg8 33. Qxf6 1-0

[Event "CYCC U12"]
[Site "Ottawa CAN"]
[Date "2007.07.05"]
[Round "6"]
[White "Kaminski, Thomas"]
[Black "Inigo, Aquino"]
[Result "1/2-1/2"]
[WhiteElo "1982"]
[BlackElo "1995"]
[PlyCount "145"]
[GameId "2160767910659112"]
[EventDate "2007.07.03"]
[EventType "swiss"]
[EventRounds "7"]
[EventCountry "CAN"]
[SourceTitle "EXT 2022"]
[Source "ChessBase"]
[SourceDate "2021.10.06"]
[SourceVersion "1"]
[SourceVersionDate "2021.10.06"]
[SourceQuality "1"]

1. e4 e6 2. d4 d5 3. Nd2 Nf6 4. e5 Nfd7 5. Bd3 c5 6. c3 Nc6 7. Ne2 cxd4 8. cxd4 Qb6 9. Nf3 f6 10. exf6 Nxf6 11. O-O Bd6 12. Bf4 Bxf4 13. Nxf4 O-O 14. g3 Qxb2 15. Re1 Re8 16. Re2 Qa3 17. Re3 Qd6 18. Ng5 h6 19. Nf7 Kxf7 20. Bg6+ Ke7 21. Bxe8 Kxe8 22. Qd3 Nd8 23. Qg6+ Kf8 24. Rf3 Kg8 25. Nh5 Nxh5 26. Qe8+ Kh7 27. Rf8 Qxf8 28. Qxf8 Bd7 29. Rc1 Bc6 30. Qd6 Nf6 31. f3 Kg8 32. Qe7 Nf7 33. Qxe6 Re8 34. Qf5 Nd6 35. Qd3 Nc4 36. Kf2 Kf7 37. Re1 Rxe1 38. Kxe1 b6 39. Kf2 a5 40. h4 Bd7 41. g4 g6 42. Kg3 g5 43. h5 Ng8 44. Qg6+ Kf8 45. f4 gxf4+ 46. Kxf4 Be8 47. Qf5+ Bf7 48. g5 hxg5+ 49. Qxg5 Bxh5 50. Qxh5 Nf6 51. Qf5 Ke7 52. Qc8 Kf7 53. Qc7+ Ke6 54. Qc6+ Ke7 55. Kf5 Ne8 56. Qe6+ Kf8 57. Kg6 Ned6 58. Qxd5 Ke7 59. Qg5+ Ke6 60. d5+ Kd7 61. Qg4+ Kc7 62. Qe6 b5 63. Qe7+ Kb6 64. Kf6 a4 65. Qe2 Kc5 66. Qd3 b4 67. Ke6 Nb5 68. Kf5 Nc3 69. a3 Nxd5 70. axb4+ Nxb4 71. Qc3 a3 72. Ke4 a2 73. Qa1 1/2-1/2

[Event "CYCC U12"]
[Site "Ottawa CAN"]
[Date "2007.07.05"]
[Round "6"]
[White "Leu, Richard"]
[Black "Han, Yifei"]
[Result "1-0"]
[WhiteElo "1824"]
[BlackElo "1854"]
[PlyCount "111"]
[GameId "2160767910659114"]
[EventDate "2007.07.03"]
[EventType "swiss"]
[EventRounds "7"]
[EventCountry "CAN"]
[SourceTitle "EXT 2022"]
[Source "ChessBase"]
[SourceDate "2021.10.06"]
[SourceVersion "1"]
[SourceVersionDate "2021.10.06"]
[SourceQuality "1"]

1. d4 d5 2. c4 e6 3. Nc3 Nf6 4. Bg5 Be7 5. e3 h6 6. Bh4 O-O 7. Nf3 b6 8. Bd3 Bb7 9. O-O Nbd7 10. cxd5 Nxd5 11. Bxe7 Qxe7 12. Rc1 c5 13. Bb5 N5f6 14. Qe2 a6 15. Bd3 b5 16. Rfd1 c4 17. Bb1 Nb6 18. a3 Rac8 19. e4 Rfd8 20. Qc2 Nh7 21. Rd2 Nf8 22. Rcd1 Rd7 23. Ne5 Rd6 24. f4 Rcd8 25. Nf3 R6d7 26. Qc1 Ng6 27. g3 f5 28. Ne5 Nxe5 29. dxe5 Qc5+ 30. Kg2 Rd4 31. Rxd4 Rxd4 32. Qe3 fxe4 33. Rxd4 Kf7 34. Bxe4 Qc7 35. Kf2 Bxe4 36. Qxe4 Nd7 37. f5 Kg8 38. fxe6 Nxe5 39. Qd5 Nd3+ 40. Rxd3 cxd3 41. e7+ Kh7 42. Qe4+ g6 43. e8=Q Qa7+ 44. Kf3 Qg7 45. Qxd3 Qb7+ 46. Qde4 Qg7 47. Q8xg6+ Qxg6 48. Qxg6+ Kxg6 49. Kf4 h5 50. h4 Kf7 51. b4 Ke6 52. Ke4 Ke7 53. Kd5 Kd7 54. Ne4 Ke7 55. Nf6 Kf7 56. Nxh5 1-0

[Event "CYCC U12"]
[Site "Ottawa CAN"]
[Date "2007.07.05"]
[Round "6"]
[White "Li, Ruokai (David)"]
[Black "Li, Changhe"]
[Result "1/2-1/2"]
[WhiteElo "958"]
[BlackElo "1807"]
[PlyCount "140"]
[GameId "2160767910659115"]
[EventDate "2007.07.03"]
[EventType "swiss"]
[EventRounds "7"]
[EventCountry "CAN"]

1. e4 c5 2. Nf3 e6 3. d4 cxd4 4. Nxd4 a6 5. c4 Qc7 6. Nc3 Nf6 7. Be2 Be7 8. O-O O-O 9. f4 d6 10. Be3 Nbd7 11. Rc1 b6 12. a3 Bb7 13. f5 e5 14. Nd5 Bxd5 15. cxd5 Qb7 16. Nc6 Rfe8 17. Bd3 Nc5 18. Qc2 Nfd7 19. b4 Nxd3 20. Qxd3 f6 21. Rc3 Bd8 22. Rfc1 b5 23. Qc2 Bb6 24. Bxb6 Nxb6 25. Na5 Qb8 26. Rc6 Rc8 27. Qf2 Qa7 28. R1c3 Kf8 29. Rh3 Rxc6 30. Nxc6 Qc7 31. Rxh7 Kf7 32. Qg3 Rg8 33. Qg6+ Kf8 34. Qxf6+ gxf6 35. Rxc7 Nc4 36. Rc8+ Kg7 37. Rxg8+ Kxg8 38. Nb8 a5 39. bxa5 Nxa5 40. Nd7 Nc4 41. Nxf6+ Kf7 42. Ng4 Nxa3 43. Nf2 b4 44. Nd3 b3 45. Kf2 Nc4 46. g4 b2 47. Nxb2 Nxb2 48. h4 Nd3+ 49. Kf3 Nf4 50. g5 Kg7 51. Kg4 Kf7 52. h5 Kg7 53. f6+ Kf7 54. Kf5 Nxh5 55. g6+ Kg8 56. Ke6 Nf4+ 57. Kxd6 Nxg6 58. Ke6 Kf8 59. d6 Ke8 60. d7+ Kd8 61. Kf7 Nf4 62. Kg8 Kxd7 63. f7 Ne6 64. f8=Q Nxf8 65. Kxf8 Ke6 66. Ke8 Kf6 67. Kd7 Kf7 68. Kd6 Kf6 69. Kd5 Kf7 70. Kxe5 Ke7 1/2-1/2

[Event "CYCC U12"]
[Site "Ottawa CAN"]
[Date "2007.07.05"]
[Round "6"]
[White "Michaelis, Nathaniel"]
[Black "Dragan, Cristian"]
[Result "1/2-1/2"]
[WhiteElo "1195"]
[BlackElo "1708"]
[PlyCount "39"]
[GameId "2160767910659116"]
[EventDate "2007.07.03"]
[EventType "swiss"]
[EventRounds "7"]
[EventCountry "CAN"]
[SourceTitle "EXT 2022"]
[Source "ChessBase"]
[SourceDate "2021.10.06"]
[SourceVersion "1"]
[SourceVersionDate "2021.10.06"]
[SourceQuality "1"]

1. e4 e6 2. d4 d5 3. exd5 exd5 4. Nf3 Bg4 5. Be2 Nf6 6. O-O Bd6 7. Nc3 O-O 8. Bg5 c6 9. Re1 Nbd7 10. Qd2 h6 11. Bxh6 gxh6 12. Qxh6 Bxf3 13. Bxf3 Be7 14. Qg5+ Kh8 15. Qh4+ Kg8 16. Qg5+ Kh7 17. Qf5+ Kg7 18. Qg5+ Kh7 19. Qf5+ Kg8 20. Qg5+ 1/2-1/2